Diseño de un paquete de filtros digitales utilizando programación orientada en objetos en C++
Guardat en:
| Autor principal: | |
|---|---|
| Format: | Llibre |
| Idioma: | Spanish |
| Publicat: |
San José, C.R.
1997
|
| Matèries: | |
| Etiquetes: |
Afegir etiqueta
Sense etiquetes, Sigues el primer a etiquetar aquest registre!
|
MARC
| LEADER | 00000nam a2200000Ia 4500 | ||
|---|---|---|---|
| 003 | 008289 | ||
| 005 | 20221231144230.0 | ||
| 008 | 140114s1996 cr a m 000 ||spa d | ||
| 040 | |c cru CEDI | ||
| 090 | |a TFG 3716 | ||
| 100 | |a Hidalgo Méndez, Pablo |9 9398 | ||
| 245 | |a Diseño de un paquete de filtros digitales utilizando programación orientada en objetos en C++ | ||
| 260 | |c 1997 |a San José, C.R. | ||
| 300 | |a v, 67 hojas : ilustraciones | ||
| 500 | |a Tesis (licenciatura en Ingeniería Eléctrica)--Universidad de Costa Rica. Facultad de Ingeniería. Escuela de Ingeniería Eléctrica | ||
| 650 | |x FILTROS ELECTRICOS DIGITALES |x DISEÑO |x C (LENGUAJE DE PROGRAMACION PARA COMPUTADORA) |9 9399 | ||
| 942 | |c TFG | ||
| 999 | |c 18796 |d 18796 | ||
